000 00600cam a22002053a 4500
001 35832
003 PGUSA
005 20140828083754.0
008 110412s2011||||xxu|||||s|||||000 | eng d
040 _aPGUSA
_beng
042 _adc
100 1 _aRamstedt, Maria,
_d1852-1915
245 1 0 _aPassaripoika :
_bNäytelmä 1:ssä näytöksessä
_h[electronic resource] /
_cMaria Ramstedt
260 _bProject Gutenberg,
_c2011
506 _aPublic domain in the USA.
516 _aElectronic text
830 0 _aProject Gutenberg
_v35832
856 4 0 _uhttp://www.gutenberg.org/ebooks/35832
942 _cEB
999 _c265087
_d265087